Grains by Picture - Statistics

General Stats
  • This quiz has been taken 193 times
  • The average score is 6 of 12
Answer Stats
Picture Answer % Correct
Wheat
99%
Corn
94%
Barley
84%
Rice
65%
Oats
61%
Rye
58%
Quinoa
44%
Sorghum
37%
Millet
32%
Buckwheat
25%
Amaranth
24%
Triticale
10%
No matching quizzes found
Score Distribution
Percent of People with Each Score
Percentile by Number Answered
Your Score History
You have not taken this quiz